| 000 | 01042nam a2200325Ia 4500 | ||
|---|---|---|---|
| 001 | 17558 | ||
| 003 | IT-RoPAU | ||
| 008 | 130308s9999 xx 000 0 und d | ||
| 040 | _aIT-RoPAU | ||
| 040 | _cIT-RoPAU | ||
| 041 | _aITALIANO | ||
| 100 | _aFuà Silvano | ||
| 100 | _gCodice Aut. SPICS: 6396 | ||
| 245 | _aEsperienze internazionali (Le) | ||
| 245 | _bVideo Negli Anni 80 (Il) | ||
| 250 | _a1a ed. | ||
| 260 | _aBARI | ||
| 260 | _bDe Donato | ||
| 260 | _c1981 [1° Ed.:1981 - Ed.Ling.Originale:1981] | ||
| 300 | _a"13 p. (prefazione: no ; testo: 13 [pagine: 157-169])" | ||
| 500 | _aTelevisioni Europee Scoprono la Coproduzione Cinema e Televisione Politica D'Integrazione Situazione Terzomondista dell'Italia Evoluzione Americana del Sistema Privato Sistema Globale dell'Informazione | ||
| 650 | _aPOLITICA DELLA COMUNICAZIONE SOCIALE | ||
| 650 | _eCodice materia Spics: 3803 | ||
| 700 | _aPinto Francesco | ||
| 700 | _gCodice Aut. SPICS: 2548 | ||
| 942 | _cBK | ||
| 957 | _71 | ||
| 999 |
_c43745 _d43745 |
||
| 999 | _bSI | ||
| 999 | _g1 | ||